000 00700nam a2200229 a 4500
005 20140310183331.0
008 060818s19uu xx 00 eng d
020 _a0071412778
050 _aBF 78
_b.M232 2004
100 _aMaitland, Laura L.
245 _a5 Steps to a 5 AP Psychology /
_cLaura L. Maitland
260 _aNew York :
_bMcGraw-Hill,
_c2004.
300 _a381 p. :
_bill. ;
_c27 cm.
440 _a5 Steps to a 5 Series
521 _aPSYCH
650 _aPsychology
_xExaminations
_xQuestions - et al.
650 _aPsychology
_xExaminations
_xStudy guides.
650 _aAdvanced placement programs
_xEducation.
700 _aHannah, Pam
942 _cBK
_2lcc
_kFOR
999 _c21561
_d21561